Huddersfield Town G/A 2025/26 - Statistics

General Stats
  • This quiz has been taken 5 times
  • The average score is 145 of 161
Answer Stats
Hint Answer % Correct
Blackpool (A) Assist | Burton (A) Goal | Leyton Orient (H) Goal | +10 others Alfie May
100%
Bolton (A) Goal | Bradford (A) Assist | Exeter (H) Goal | +10 others Bojan Radulović
100%
Barnsley (H) Assist | Blackpool (H) Goal | Doncaster (H) Goal | +6 others Cameron Ashia
100%
Leicester (H) Goal Dan Vost
100%
Bolton (A) Goal | Exeter (A) Assist David Kasumu
100%
Mansfield (A) Goal | Mansfield (H) Goal | Northampton (A) Assist | +4 others Dion Charles
100%
Wimbledon (A) Goal George Sebine
100%
Newcastle U21 (H) Goal | Reading (A) Goal Jack Whatmough
100%
Leyton Orient (H) Goal | Northampton (H) Goal Joe Low
100%
Barnsley (A) Goal | Cardiff (A) Goal | Doncaster (H) Goal | +5 others Joe Taylor
100%
Blackpool (H) Assist | Cardiff (H) Assist | Mansfield (A) Goal | +6 others Lasse Sørensen
100%
Bolton (H) Goal | Cardiff (A) Goal | Exeter (A) Goal | +11 others Leo Castledine
100%
Blackpool (A) Goal | Burton (A) Assist | Rotherham (A) Assist | +4 others Lynden Gooch
100%
Mansfield (A) Assist | Reading (A) Assist Mickel Miller
100%
Leicester (H) Assist | Lincoln (A) Assist | Lincoln (A) Goal | Wigan (H) Goal Murray Wallace
100%
Blackpool (A) Assist | Bolton (A) Assist | Bolton (H) Assist | +3 others Ruben Roosken
100%
Barnsley (H) Goal | Cardiff (H) Goal | Leyton Orient (A) Goal | +6 others Ryan Ledson
100%
Bolton (A) Assist | Leyton Orient (A) Assist | Port Vale (H) Assist | Reading (H) Assist Sean Roughan
100%
Lincoln (H) Assist | Mansfield (H) Assist Antony Evans
67%
Barnsley (H) Assist | Blackpool (H) Assist Bali Mumba
67%
Blackpool (A) Goal | Doncaster (H) Goal | Wimbledon (H) Goal Ben Wiles
67%
Peterborough (A) Goal | Plymouth (A) Goal | Wimbledon (A) Assist Cameron Humphreys
67%
Leyton Orient (H) Assist | Peterborough (H) Goal Herbie Kane
67%
Mansfield (H) Goal Josh Feeney
67%
Blackpool (H) Goal | Bolton (A) Goal | Bradford (H) Goal | +8 others Marcus Harness
67%
Rotherham (H) Assist Marcus McGuane
67%
Bradford (A) Goal Zepiqueno Redmond
67%
Doncaster (H) Assist Bobby Wales
33%
Newcastle U21 (H) Goal | Rotherham (H) Goal Own Goal
33%
Bolton (A) Assist | Peterborough (A) Goal Radinio Balker
33%
Barnsley (H) Goal | Lincoln (H) Goal Ryan Hardie
33%
Peterborough (H) Goal | Rotherham (H) Goal Will Alves
33%
No matching quizzes found
Score Distribution
Percent of People with Each Score
Percentile by Number Answered
Your Score History
You have not taken this quiz